Normal view
MARC view
- Hafsa Riaz Syed Mujtaba Ali Warda Riaz Zaid Sheikh
Entry Personal Name
001 - CONTROL NUMBER
- control field: 86200
003 - CONTROL NUMBER IDENTIFIER
- control field: NUST
005 - DATE AND TIME OF LATEST TRANSACTION
- control field: 20211209113438.0
008 - FIXED-LENGTH DATA ELEMENTS
- fixed length control field: 211209|| aca||aabn | a|a d
040 ## - CATALOGING SOURCE
- Original cataloging agency: NUST
- Transcribing agency: NUST
100 ## - HEADING--PERSONAL NAME
- Personal name: Hafsa Riaz Syed Mujtaba Ali Warda Riaz Zaid Sheikh
670 ## - SOURCE DATA FOUND
- Source citation: Work cat.: (NUST): Hafsa Riaz Syed Mujtaba Ali Warda Riaz Zaid Sheikh , PR-SOF-2072-Power Generating Unit (PGU) With Supervisory Control, 2021.
